GLOBAL SOURCEBOOK OF MASS COMMUNICATION & MEDIA MANAGEMENT (Record no. 22070)

MARC details
000 -LEADER
fixed length control field 00324nam a22001337a 4500
003 - CONTROL NUMBER IDENTIFIER
control field SGT
020 ## - INTERNATIONAL STANDARD BOOK NUMBER
International Standard Book Number 978-81-8457-186-8
082 ## - DEWEY DECIMAL CLASSIFICATION NUMBER
Classification number 302.23
Item number CHA
100 ## - MAIN ENTRY--PERSONAL NAME
Personal name CHAUHAN, SWATI
245 ## - TITLE STATEMENT
Title GLOBAL SOURCEBOOK OF MASS COMMUNICATION & MEDIA MANAGEMENT
260 ## - PUBLICATION, DISTRIBUTION, ETC. (IMPRINT)
Place of publication, distribution, etc DELHI
Name of publisher, distributor, etc KANISHKA
Year of Publication 2010
300 ## - PAGE DESCRIPTION
No. of Pages 325
942 ## - ADDED ENTRY ELEMENTS (KOHA)
Source of classification or shelving scheme Dewey Decimal Classification
Koha item type Books
Holdings
Withdrawn status Lost status Source of classification or shelving scheme Damaged status Not for loan Collection code Home library Current library Shelving location Date acquired Vendor Name Cost, normal purchase price Volume Information (Serial or Books or Non-Book Material) SGTU Bill Number Total Checkouts Full call number Accession No. (Barcode) Date last seen Bill Date Koha item type
    Dewey Decimal Classification     MASS COMMUNICATION SGT Science & Social Sciences Library SGT Science & Social Sciences Library Text Book 10/02/2022 KANISHKA 302.23 1 SGTU 538   302.23 CHA MC840 10/02/2022   Books
    Dewey Decimal Classification     MASS COMMUNICATION SGT Science & Social Sciences Library SGT Science & Social Sciences Library Text Book 10/02/2022 KANISHKA 302.23 1 SGTU 538   302.23 CHA MC841 10/02/2022   Books
    Dewey Decimal Classification     MASS COMMUNICATION SGT Science & Social Sciences Library SGT Science & Social Sciences Library Text Book 10/02/2022 KANISHKA 302.23 2 SGTU 538   302.23 CHA MC842 10/02/2022   Books
    Dewey Decimal Classification     MASS COMMUNICATION SGT Science & Social Sciences Library SGT Science & Social Sciences Library Text Book 10/02/2022 KANISHKA 302.23 2 SGTU 538   302.23 CHA MC843 10/02/2022   Books